Assessing viability in planning under the National Planning Policy Framework 2019 (Record no. 121339)
[ view plain ]
| 000 -LEADER | |
|---|---|
| fixed length control field | 01739nam a22002657a 4500 |
| 008 - FIXED-LENGTH DATA ELEMENTS--GENERAL INFORMATION | |
| fixed length control field | 230130s2021 xxk|||||o|||| 00| 0 eng d |
| 020 ## - INTERNATIONAL STANDARD BOOK NUMBER | |
| ISBN | 9781783214129 |
| 041 ## - LANGUAGE CODE | |
| Language code of text/sound track or separate title | eng |
| 100 ## - MAIN ENTRY--PERSONAL NAME | |
| Personal author | Crosby, Neil |
| 110 ## - MAIN ENTRY--CORPORATE NAME | |
| Corporate author | Royal Institution of Chartered Surveyors |
| 245 ## - TITLE STATEMENT | |
| Title | Assessing viability in planning under the National Planning Policy Framework 2019 |
| Subtitle | for England |
| Statement of responsibility, etc | RICS guidance note |
| Medium | [Electronic resource] |
| 250 ## - EDITION | |
| Edition statement | 1st |
| 260 ## - PUBLICATION INFORMATION | |
| Place of publication | London, |
| Publisher | Royal Institution of Chartered Surveyors, |
| Date | March 2021 |
| 300 ## - PHYSICAL DESCRIPTION | |
| Physical description | 73p |
| 490 ## - SERIES TITLE | |
| Series statement | RICS guidance note |
| 520 ## - ABSTRACT | |
| Abstract | This guidance note is intended to help professionals working in planning and development to apply the government’s national planning policy for England, In 2019, RICS published a professional statement, Financial viability in planning: conduct and reporting, which is mandatory for all RICS members carrying out financial viability assessments. This guidance note supplements and gives added guidance to RICS members and other stakeholders in the planning process on undertaking and understanding financial viability assessments (FVAs) in both a plan-making and decision-taking context. This guidance note is based on the NPPF and PPG as at the date of publication. |
| 650 ## - KEYWORDS | |
| Keywords | Planning |
| 650 ## - KEYWORDS | |
| Keywords | National Planning Policy Framework |
| 651 ## - SUBJECT ADDED ENTRY--GEOGRAPHIC NAME | |
| Geographic name | England |
| 690 ## - BROAD SUBJECT | |
| 9 (RLIN) | 6259 |
| Broad subject | Planning and development |
| 700 ## - ADDED PERSONAL NAME | |
| Added personal author | Crosby, Neil |
| 710 ## - ADDED CORPORATE NAME | |
| Added corporate author | Royal Institution of Chartered Surveyors |
| 856 ## - ONLINE RESOURCE | |
| Uniform Resource Identifier | <a href="https://www.rics.org/uk/upholding-professional-standards/sector-standards/land/assessing-viability-in-planning-under-the-national-planning-policy-framework-2019-for-england-rics-guidance-note-1st-edition/">https://www.rics.org/uk/upholding-professional-standards/sector-standards/land/assessing-viability-in-planning-under-the-national-planning-policy-framework-2019-for-england-rics-guidance-note-1st-edition/</a> |
| Public note | Available free on RICS.org |
| 942 ## - ADDED ENTRY ELEMENTS (KOHA) | |
| Suppress in OPAC | Do not suppress in OPAC |
| Lost status | Source of classification or shelving scheme | Damaged status | Not for loan | Current library | Shelving location | Date acquired | Total Checkouts | Date last seen | Price effective from | Koha item type |
|---|---|---|---|---|---|---|---|---|---|---|
| Dewey Decimal Classification | Virtual | Online | 30/01/2023 | 23/03/2023 | 30/01/2023 | Online material |